Normal view
MARC view
Entry Personal Name
001 - CONTROL NUMBER
- control field: 4855
003 - CONTROL NUMBER IDENTIFIER
- control field: AUA.1
005 - DATE AND TIME OF LATEST TRANSACTION
- control field: 20111005095023.0
008 - FIXED-LENGTH DATA ELEMENTS
- fixed length control field: 111005|||a|||||| | ||| d
040 ## - CATALOGING SOURCE
- Original cataloging agency: AUA.1
- Transcribing agency: AUA.1
100 ## - HEADING--PERSONAL NAME
- Personal name: Dake, Finis,
- Dates associated with a name: 1902-1987.
670 ## - SOURCE DATA FOUND
- Source citation: Work cat.: (AUA.1)0: Dake, Finis, 1902-1987., Revelation expounded;, Jetmove Pub.